| 000 | 00471nam a22001577a 4500 | ||
|---|---|---|---|
| 005 | 20140527100619.0 | ||
| 008 | 140527b xxu||||| |||| 00| 0 eng d | ||
| 020 | _a9789812743435 | ||
| 050 |
_aQ 4356 _b.T236mc56 2012 |
||
| 100 | _aTay, Shirley | ||
| 245 |
_aNail Those MCQ's (Multiple choice questions) : _b teachers work / _cShirley Tay, Shen Gan Yi |
||
| 260 |
_aSingapore : _bteachers work, _cc2012. |
||
| 300 | _a294 p. ; | ||
| 942 |
_2lcc _cBK |
||
| 999 |
_c117373 _d117373 |
||